| 000 | 00988nam0a22002291 4500 | ||
|---|---|---|---|
| 001 | rc\2903907 | ||
| 005 | 20260406202855.0 | ||
| 035 | _a(NLR Aleph) 007055109 | ||
| 090 |
_a6229565 _c6229565 |
||
| 100 | _a20110730d1927 |||y0rusy50 ca | ||
| 101 | 0 | _arus | |
| 102 | _aRU | ||
| 105 | _ay z ||||| | ||
| 200 | 1 |
_aИнструкция по счетоводству и отчетности в местных, дайра, уездных и республиканских Комитетах Азербайджанского Общества Красного Полумесяца _fАзерб. О-во Красного Полумесяца |
|
| 210 |
_aБаку _cАзерб. О-во Красн. Полумесяца _d1927 |
||
| 215 |
_a45 с. _d21х14 см |
||
| 710 | 0 | 2 |
_aОбщество Красного Полумесяца АзССР _cБаку _3RU\NLR\AUTH\889962909 _9422114 |
| 801 | 0 |
_aRU _bNLR _gpsbo |
|
| 801 | 1 |
_aRU _bELAR _2rusmarc |
|
| 852 |
_aNLR _j40/3694 |
||
| 942 | _cBOOK | ||
| 980 | _aNB | ||